000 00636nam a2200229Ia 4500
008
020 _a075065239X (pbk.)
049 _aMAIN
090 _aT385 MCF
100 1 _aMcFarlane, Robert.
245 1 0 _aAdvancing with AutoCAD Release 2000 /
_cBob McFarlane.
260 _aOxford :
_bButterworth-Heinemann,
_c2001.
300 _a[vii], 262 p. :
_bill. ;
_c28 cm.
500 _aIncludes index.
630 0 0 _aAutoCAD.
650 0 _aComputer graphics.
907 _a.b10212292
_b10-03-08
_c29-08-06
003
005 20230123134239.0
040 _cNUST
942 _cBOOKS
_kT385 MCF
999 _c162583
_d162583